[Event "I Open Magistrale"]
[Site "Taranto ITA"]
[Date "2002.08.30"]
[Round "2"]
[White "Dragojlovic, Andjelko"]
[Black "Miezis, Normunds"]
[Result "0-1"]
[WhiteElo "2351"]
[BlackElo "2510"]
[PlyCount "96"]
[EventDate "2002.08.29"]

1. e4 c5 2. Nf3 e6 3. b3 Nc6 4. Bb2 Nf6 5. e5 Nd5 6. g3 Be7 7. Bg2 f6 8. O-O
O-O 9. d4 cxd4 10. Nxd4 fxe5 11. Nxc6 bxc6 12. c4 Nb4 13. a3 Na6 14. Bxe5 Bf6
15. Bxf6 Qxf6 16. Nd2 d5 17. b4 Nc7 18. f4 Ba6 19. Kh1 Rad8 20. Qc2 dxc4 21.
Ne4 Qf5 22. Qf2 c3 23. Rfe1 e5 24. Qxa7 exf4 25. gxf4 Qxf4 26. Nxc3 Rd2 27. b5
Bxb5 28. Nxb5 Nxb5 29. Qe3 Qxe3 30. Rxe3 Nd4 31. Rf1 g5 32. h3 Rf4 33. Rg3
Rxf1+ 34. Bxf1 h6 35. a4 Rd1 36. Rg1 Kf8 37. Bc4 Rd2 38. Rf1+ Ke7 39. a5 Rc2
40. Bg8 Rc3 41. Rf7+ Kd6 42. Kg2 Ra3 43. Rh7 Nf5 44. Ra7 h5 45. Kh2 g4 46. hxg4
hxg4 47. a6 g3+ 48. Kh3 g2+ 0-1

[Event "I Open Magistrale"]
[Site "Taranto ITA"]
[Date "2002.08.30"]
[Round "2"]
[White "Drazic, Sinisa"]
[Black "Voiska, Margarita"]
[Result "1-0"]
[WhiteElo "2486"]
[BlackElo "2356"]
[PlyCount "58"]
[EventDate "2002.08.29"]

1. e4 d6 2. d4 Nf6 3. Nc3 e5 4. dxe5 dxe5 5. Qxd8+ Kxd8 6. Bg5 Be6 7. O-O-O+
Kc8 8. Nf3 Nbd7 9. Bh4 h6 10. Bg3 Bd6 11. Nd2 Nh5 12. Bc4 Nxg3 13. hxg3 Bc5 14.
Bxe6 fxe6 15. f3 c6 16. Ne2 Kc7 17. c3 b5 18. Kc2 h5 19. Nc1 Rh6 20. Nd3 Be7
21. f4 exf4 22. gxf4 g5 23. g3 Rah8 24. fxg5 Bxg5 25. Nf3 Rg8 26. Rh3 Be3 27.
Re1 Bc5 28. Re2 Rhg6 29. Rg2 Nf6 1-0

[Event "I Open Magistrale"]
[Site "Taranto ITA"]
[Date "2002.08.30"]
[Round "2"]
[White "Ferri, Stefano"]
[Black "Ramondino, Renzo"]
[Result "0-1"]
[WhiteElo "2083"]
[BlackElo "2164"]
[PlyCount "104"]
[EventDate "2002.08.29"]

1. d4 d6 2. e4 g6 3. c4 Bg7 4. Nc3 Nf6 5. Nf3 O-O 6. Be2 e5 7. O-O exd4 8. Nxd4
Re8 9. f3 Na6 10. Nc2 Nd7 11. Qd2 Ne5 12. b3 Nc5 13. Ba3 Be6 14. Rad1 a5 15.
Nb5 Qe7 16. Ncd4 Bc8 17. Nc2 a4 18. b4 Ne6 19. Bc1 Rd8 20. Rfe1 c6 21. Nxd6 Qh4
22. Qe3 Nd3 23. g3 Nxe1 24. gxh4 Nxc2 25. Qd3 Bd4+ 26. Kh1 Nxb4 27. Qb1 Rxd6
28. Qxb4 c5 29. Qa3 Rb6 30. Kg2 Bd7 31. Rf1 Bc6 32. Bd3 Rd8 33. Bc2 Rb4 34. Bd3
Bb2 35. Bxb2 Nf4+ 36. Kg3 Rxd3 37. Kxf4 Rxa3 38. Bxa3 Rxc4 39. Kg5 Rc2 40. Kf6
Rc3 41. Bc1 Rd3 42. Bf4 b5 43. h5 c4 44. h4 b4 45. hxg6 hxg6 46. h5 c3 47. hxg6
fxg6 48. Kxg6 Rxf3 49. Rxf3 Bxe4+ 50. Kf6 Bxf3 51. Ke5 b3 52. axb3 a3 0-1

[Event "I Open Magistrale"]
[Site "Taranto ITA"]
[Date "2002.08.30"]
[Round "2"]
[White "Ficco, Corrado"]
[Black "Shytaj, Luca"]
[Result "0-1"]
[WhiteElo "2124"]
[BlackElo "2216"]
[PlyCount "108"]
[EventDate "2002.08.29"]

1. Nf3 Nf6 2. d4 e6 3. Bg5 c5 4. Nc3 cxd4 5. Nxd4 a6 6. e4 d6 7. f3 Be7 8. Qd2
Nbd7 9. O-O-O Qc7 10. Kb1 Nb6 11. Nb3 Bd7 12. Bf4 e5 13. Be3 Be6 14. Qf2 Nfd7
15. g4 Nc5 16. Nxc5 dxc5 17. Nd5 Nxd5 18. exd5 Bd7 19. h4 Bd6 20. Bh3 O-O-O 21.
g5 Bxh3 22. Rxh3 b6 23. Rhh1 Kb7 24. Rhf1 Rhf8 25. f4 f5 26. fxe5 Bxe5 27. Bf4
Bxf4 28. Qxf4 Qxf4 29. Rxf4 Rde8 30. c4 Re2 31. Rdf1 g6 32. h5 Rg2 33. hxg6
hxg6 34. Re1 Rf7 35. d6 Kc6 36. Re6 Rxg5 37. d7+ Kc7 38. Rc6+ Kxd7 39. Rxb6 Re7
40. Rf1 Re6 41. Rd1+ Ke7 42. Rb7+ Kf6 43. a4 Rg4 44. b3 f4 45. Rb8 Rg2 46. b4
cxb4 47. c5 a5 48. Rb6 Rxb6 49. cxb6 Re2 50. Rd8 Re7 51. Kc2 Rf7 52. Rd6+ Kf5
53. Rd5+ Ke4 54. Rd6 g5 0-1

[Event "I Open Magistrale"]
[Site "Taranto ITA"]
[Date "2002.08.30"]
[Round "2"]
[White "Lanzillotta, Angelo"]
[Black "Lorusso, Lucio"]
[Result "1/2-1/2"]
[WhiteElo "1909"]
[BlackElo "1902"]
[PlyCount "64"]
[EventDate "2002.08.29"]

1. d4 c6 2. Nf3 d5 3. c4 dxc4 4. a4 Nf6 5. Nc3 Bf5 6. e3 e6 7. Bxc4 Nbd7 8. O-O
Bd6 9. Re1 Ne4 10. Bd3 Ndf6 11. Qc2 Nxc3 12. Bxf5 exf5 13. bxc3 Ne4 14. Ba3 O-O
15. Bxd6 Qxd6 16. Ne5 Qe6 17. f3 Nd6 18. Rab1 b6 19. Nxc6 Rfe8 20. Qd3 Qd5 21.
Ne5 f6 22. c4 Qa5 23. c5 bxc5 24. Qb3+ Kh8 25. Nc6 Qc7 26. d5 h6 27. Qc2 c4 28.
Nd4 Qc5 29. Ne6 Qa5 30. Nd4 Qxd5 31. Nb5 Nxb5 32. Rxb5 Qd3 1/2-1/2

[Event "I Open Magistrale"]
[Site "Taranto ITA"]
[Date "2002.08.30"]
[Round "2"]
[White "Martorelli, Antonio"]
[Black "Cioara, Andrei Nestor"]
[Result "0-1"]
[WhiteElo "2264"]
[BlackElo "2414"]
[PlyCount "56"]
[EventDate "2002.08.29"]

1. e4 e6 2. d4 d5 3. Nc3 Bb4 4. e5 c5 5. a3 Ba5 6. b4 cxd4 7. Qg4 Ne7 8. bxa5
dxc3 9. Qxg7 Rg8 10. Qxh7 Nbc6 11. Nf3 Qc7 12. Bf4 Bd7 13. a6 b6 14. Bb5 O-O-O
15. O-O Nf5 16. Qxf7 Rdf8 17. Qh7 Nce7 18. Bxd7+ Qxd7 19. Qh3 Qa4 20. Bg5 Rh8
21. Nh4 Kd7 22. Bxe7 Nxe7 23. f4 Nf5 24. g3 Rfg8 25. Kh1 Qe4+ 26. Qg2 Rxh4 27.
Qxe4 Nxg3+ 28. Kg2 Nxe4+ 0-1

[Event "I Open Magistrale"]
[Site "Taranto ITA"]
[Date "2002.08.30"]
[Round "2"]
[White "Mrdja, Milan"]
[Black "Ljubisavljevic, Zivojin Z."]
[Result "1-0"]
[WhiteElo "2370"]
[BlackElo "2275"]
[PlyCount "89"]
[EventDate "2002.08.29"]

1. e4 e6 2. d4 d5 3. Nc3 Bb4 4. e5 c5 5. a3 Bxc3+ 6. bxc3 Qc7 7. Nf3 h6 8. a4
b6 9. Bb5+ Bd7 10. Bd3 Ne7 11. O-O Nbc6 12. Re1 Na5 13. Ba3 Bxa4 14. Nd2 Bd7
15. Qg4 O-O 16. Nf3 f5 17. exf6 Rxf6 18. Ne5 Raf8 19. f3 Nac6 20. Nxd7 Qxd7 21.
dxc5 Rc8 22. cxb6 axb6 23. c4 Nf5 24. cxd5 exd5 25. Rab1 d4 26. Qe4 g6 27. Bc4+
Kg7 28. Bb2 Qc7 29. Bb5 Na7 30. Ba6 Rd8 31. g4 Nh4 32. Qe7+ Qxe7 33. Rxe7+ Rf7
34. Rxf7+ Kxf7 35. Kf2 Nc6 36. Bc4+ Ke7 37. Re1+ Kd7 38. f4 Kc7 39. Re6 Nb4 40.
Kg3 g5 41. Rxh6 Nxc2 42. fxg5 Ng2 43. g6 Nge3 44. g7 Nxc4 45. Rh8 1-0

[Event "I Open Magistrale"]
[Site "Taranto ITA"]
[Date "2002.08.30"]
[Round "2"]
[White "Popchev, Milko"]
[Black "Fiore, Mario"]
[Result "1-0"]
[WhiteElo "2419"]
[BlackElo "2313"]
[PlyCount "45"]
[EventDate "2002.08.29"]

1. d4 Nf6 2. Nf3 d5 3. c4 e6 4. g3 dxc4 5. Bg2 Bd7 6. Ne5 Bc6 7. Nxc6 Nxc6 8.
e3 Bb4+ 9. Bd2 Qd7 10. O-O Rb8 11. Qc1 O-O 12. Qxc4 Bxd2 13. Nxd2 e5 14. Nb3
exd4 15. Rfd1 Qe7 16. exd4 Qb4 17. Rac1 Rfd8 18. Qxb4 Nxb4 19. Rxc7 Nxa2 20.
Ra1 Nb4 21. Rxa7 Re8 22. Rcxb7 Nd3 23. Nc5 1-0

[Event "I Open Magistrale"]
[Site "Taranto ITA"]
[Date "2002.08.30"]
[Round "2"]
[White "Sansonetti, Giorgio"]
[Black "Lamola, Giuseppe"]
[Result "1-0"]
[WhiteElo "2133"]
[BlackElo "2049"]
[PlyCount "102"]
[EventDate "2002.08.29"]

1. d4 e6 2. e4 d5 3. Nc3 Bb4 4. Bd2 dxe4 5. Qg4 Qxd4 6. O-O-O h5 7. Qe2 Bd7 8.
Nxe4 Bxd2+ 9. Rxd2 Qb4 10. Nf3 Nc6 11. Neg5 Qe7 12. Qe3 Nf6 13. Bb5 Nd5 14. Qb3
O-O-O 15. Re1 Nb6 16. Qe3 Nb4 17. Bxd7+ Rxd7 18. Rxd7 Qxd7 19. Qe5 Na6 20. Qc3
f6 21. Nxe6 Re8 22. Ned4 Rxe1+ 23. Qxe1 Kb8 24. Qe6 Qd8 25. Qf7 Nc5 26. Nf5 Nd5
27. Ne3 Nf4 28. Qxg7 Ne4 29. b3 a6 30. Nc4 b5 31. Ne3 Qd6 32. Kb2 Qc5 33. Qd7
Nxf2 34. Qd4 Qxd4+ 35. Nxd4 c5 36. Ndf5 Ne4 37. g3 Ng6 38. Ng2 c4 39. bxc4 bxc4
40. Ng7 c3+ 41. Kb3 Ne5 42. Nxh5 Nf3 43. Kc4 Nxh2 44. Kd5 f5 45. Ne3 Kc7 46.
Nxf5 Nf2 47. Ne3 Nf3 48. Kc4 Ne4 49. Nd5+ Kd6 50. Nxc3 Ne5+ 51. Kd4 Nd2 1-0

[Event "I Open Magistrale"]
[Site "Taranto ITA"]
[Date "2002.08.30"]
[Round "2"]
[White "Sautto, Daniele"]
[Black "Di Lascio, Savino"]
[Result "1-0"]
[WhiteElo "2097"]
[BlackElo "1918"]
[PlyCount "45"]
[EventDate "2002.08.29"]

1. e4 c6 2. d4 d5 3. Nc3 dxe4 4. Nxe4 Nf6 5. Nxf6+ gxf6 6. Nf3 Bf5 7. Bd3 Nd7
8. O-O Bxd3 9. Qxd3 Qc7 10. c4 O-O-O 11. Be3 e6 12. Rfd1 Ne5 13. Nxe5 fxe5 14.
Qb3 Bg7 15. d5 c5 16. Qb5 b6 17. b4 exd5 18. cxd5 e4 19. Rac1 Bb2 20. Rc2 Qe5
21. bxc5 Bc3 22. cxb6 Rhg8 23. Qc6+ 1-0

[Event "I Open Magistrale"]
[Site "Taranto ITA"]
[Date "2002.08.30"]
[Round "2"]
[White "Tommaselli, Giacomo"]
[Black "Shytaj, Carlo"]
[Result "1/2-1/2"]
[WhiteElo "2045"]
[BlackElo "2112"]
[PlyCount "120"]
[EventDate "2002.08.29"]

1. d4 Nf6 2. Nf3 e6 3. Bg5 h6 4. Bxf6 Qxf6 5. e4 c5 6. c3 a6 7. a4 Nc6 8. d5
exd5 9. exd5 Ne5 10. Nbd2 Nxf3+ 11. Nxf3 d6 12. h3 g6 13. Bd3 Bg7 14. O-O O-O
15. Re1 Bd7 16. Be4 b5 17. a5 Rfe8 18. Nd2 Qg5 19. Kh2 Qf4+ 20. Kg1 Re7 21. g3
Qg5 22. Bg2 Rxe1+ 23. Qxe1 Re8 24. Qd1 Bf5 25. Nf3 Qd8 26. Nh4 Bd7 27. Qd2 Qc8
28. g4 Qd8 29. Nf3 Re7 30. Bf1 Bc8 31. Bg2 Rb7 32. Re1 b4 33. Qe2 bxc3 34. bxc3
Rb8 35. Qe8+ Qxe8 36. Rxe8+ Bf8 37. Nd2 Kg7 38. Bf1 Ra8 39. Nc4 Bb7 40. Re1 Rd8
41. Ne3 Rd7 42. Rb1 Be7 43. Rb6 Bd8 44. Rb3 Bxa5 45. Ra3 Bd8 46. Bxa6 Bg5 47.
Nc4 Bf4 48. Bxb7 Rxb7 49. Ra6 Rb1+ 50. Kg2 Rd1 51. Nxd6 Rxd5 52. Ne4 f5 53.
gxf5 gxf5 54. Nf6 Rd3 55. Nh5+ Kh7 56. Nxf4 Rxc3 57. Rc6 Rc2 58. Kf3 c4 59. Nd5
Rc3+ 60. Kf4 Rc2 1/2-1/2

[Event "I Open Magistrale"]
[Site "Taranto ITA"]
[Date "2002.08.30"]
[Round "3"]
[White "Ariete, Gerardo"]
[Black "Ferri, Stefano"]
[Result "1-0"]
[WhiteElo "2106"]
[BlackElo "2083"]
[PlyCount "85"]
[EventDate "2002.08.29"]

1. e4 c5 2. c3 Nf6 3. e5 Nd5 4. d4 cxd4 5. cxd4 e6 6. Nf3 d6 7. Nc3 Nxc3 8.
bxc3 Qc7 9. Qb3 Nd7 10. Bf4 b6 11. Be2 Be7 12. O-O Bb7 13. Rfe1 Rc8 14. Rac1
O-O 15. exd6 Bxd6 16. Bxd6 Qxd6 17. c4 Rfd8 18. Red1 Qe7 19. Qe3 h6 20. d5 e5
21. Bd3 Qf6 22. Qe4 g6 23. Bb1 Re8 24. Qe3 Rc5 25. Qxh6 Rec8 26. Ng5 Qg7 27.
Qh4 Bxd5 28. Bd3 Nf6 29. Rb1 Bc6 30. Be2 Nh7 31. Nxh7 Qxh7 32. Rd8+ Rxd8 33.
Qxd8+ Kg7 34. Rb3 Qh8 35. Qe7 Qa8 36. g4 Qb7 37. Qh4 e4 38. Rh3 Qa8 39. g5 Kf8
40. Qh8+ Ke7 41. Qf6+ Kd7 42. Qxf7+ Kd6 43. Qxg6+ 1-0

[Event "I Open Magistrale"]
[Site "Taranto ITA"]
[Date "2002.08.30"]
[Round "3"]
[White "Cioara, Andrei Nestor"]
[Black "Drazic, Sinisa"]
[Result "0-1"]
[WhiteElo "2414"]
[BlackElo "2486"]
[PlyCount "106"]
[EventDate "2002.08.29"]

1. e4 c6 2. d4 d5 3. e5 Bf5 4. Nc3 Qb6 5. Nf3 h6 6. Be2 e6 7. O-O Nd7 8. b3 Bh7
9. Na4 Qc7 10. c4 Nb6 11. Nc3 Bb4 12. Bd2 Bxc3 13. Bxc3 Ne7 14. Rc1 a5 15. Bb2
Qd8 16. Ba3 Nbc8 17. Bd3 Bxd3 18. Qxd3 a4 19. Bb4 axb3 20. axb3 b6 21. Ra1 Rxa1
22. Rxa1 O-O 23. Qe3 Qd7 24. Qf4 dxc4 25. bxc4 Rd8 26. h3 Nf5 27. g4 Nfe7 28.
Qe4 Qc7 29. Kg2 Rd7 30. Qe3 Qb7 31. Kg1 Qb8 32. Nd2 c5 33. dxc5 bxc5 34. Bxc5
Qb2 35. Nb3 Rb7 36. Ra3 Ng6 37. Nd4 Qb1+ 38. Kh2 Qf1 39. Ra8 Rc7 40. Nf3 Qxc4
41. Bd6 Rc6 42. Nd4 Ra6 43. Qe2 Ra4 44. Bc5 Qxc5 45. Rxa4 Nb6 46. Nb3 Qc3 47.
Ra3 Kh7 48. Qe3 Qb2 49. Ra7 Nc4 50. Qg3 Ncxe5 51. Rb7 Nh4 52. Qe3 Qb1 53. Qc1
Qe4 0-1

[Event "I Open Magistrale"]
[Site "Taranto ITA"]
[Date "2002.08.30"]
[Round "3"]
[White "Fiore, Mario"]
[Black "Sansonetti, Giorgio"]
[Result "1/2-1/2"]
[WhiteElo "2313"]
[BlackElo "2133"]
[PlyCount "57"]
[EventDate "2002.08.29"]

1. e4 e6 2. d4 d5 3. Nc3 Bb4 4. a3 Bxc3+ 5. bxc3 Ne7 6. e5 c5 7. Nf3 Qc7 8. Bd3
c4 9. Be2 Bd7 10. a4 Qa5 11. O-O b5 12. Ba3 bxa4 13. Qd2 h6 14. h4 Nbc6 15. h5
Rb8 16. Nh4 Nc8 17. f4 Qd8 18. Qe1 N6e7 19. g4 g6 20. hxg6 Nxg6 21. Nxg6 fxg6
22. Qg3 Rb7 23. Rfb1 Nb6 24. Kf2 Bc8 25. Ke3 Rg7 26. Rh1 Kd7 27. Rag1 Kc6 28.
Qh4 Qxh4 29. Rxh4 1/2-1/2

[Event "I Open Magistrale"]
[Site "Taranto ITA"]
[Date "2002.08.30"]
[Round "3"]
[White "Laketic, Gojko"]
[Black "Mrdja, Milan"]
[Result "1-0"]
[WhiteElo "2448"]
[BlackElo "2370"]
[PlyCount "50"]
[EventDate "2002.08.29"]

1. Nf3 d6 2. d4 Nf6 3. c4 g6 4. Nc3 Bg7 5. e4 O-O 6. h3 Na6 7. Bg5 Qe8 8. Bd3
e5 9. O-O Nh5 10. Bc2 c6 11. Re1 h6 12. Be3 Qe7 13. Qd2 Kh7 14. Rad1 Re8 15. a3
g5 16. c5 dxc5 17. dxe5 Bxe5 18. g4 Bxc3 19. e5+ Kg7 20. Qxc3 Nf4 21. e6+ Qf6
22. exf7 Kxf7 23. Qxf6+ Kxf6 24. Bb3 Nc7 25. Rd6+ 25... Kg7 {...} 1-0

[Event "I Open Magistrale"]
[Site "Taranto ITA"]
[Date "2002.08.30"]
[Round "3"]
[White "Ljubisavljevic, Zivojin Z."]
[Black "Sautto, Daniele"]
[Result "0-1"]
[WhiteElo "2275"]
[BlackElo "2097"]
[PlyCount "128"]
[EventDate "2002.08.29"]

1. d4 d5 2. c3 Nf6 3. Bg5 e6 4. Nd2 Be7 5. Bxf6 Bxf6 6. e4 O-O 7. f4 c5 8. e5
Be7 9. Bd3 cxd4 10. cxd4 Nc6 11. Ne2 Qb6 12. Qb3 Bb4 13. Rd1 Nxd4 14. Nxd4 Qxd4
15. Rf1 Bd7 16. Ke2 Bc5 17. Rf3 Ba4 18. Qc3 Bxd1+ 19. Kxd1 Qxc3 20. bxc3 Rac8
21. Bc2 Bb6 22. Nb3 Rc4 23. Nd2 Rc7 24. Nb3 Rfc8 25. Kd2 d4 26. Be4 dxc3+ 27.
Kc2 Rd7 28. Bd3 a6 29. g4 Ba7 30. a4 Rcc7 31. h4 Bc5 32. h5 Bb4 33. g5 Rd5 34.
g6 fxg6 35. hxg6 hxg6 36. Rg3 b5 37. axb5 axb5 38. Nc1 Be7 39. Rxg6 Kf7 40. Rg3
b4 41. Bg6+ Kg8 42. Bd3 Rd4 43. Rf3 Ra7 44. f5 exf5 45. Bxf5 Rd2+ 46. Kb3 Ra3+
47. Kc4 c2 48. Be6+ Kh8 49. Rf7 Rc3+ 50. Kb5 Bc5 51. Rb7 Rd1 52. Bf5 g6 53.
Bxc2 Rxc1 54. Bxg6 b3 55. Rh7+ Kg8 56. Rh2 Ba3 57. e6 Kf8 58. Rh7 b2 59. Rf7+
Kg8 60. Bh7+ Kh8 61. Ka4 b1=Q 62. Bxb1 Rxb1 63. e7 Bxe7 64. Rxe7 Rc8 0-1

[Event "I Open Magistrale"]
[Site "Taranto ITA"]
[Date "2002.08.30"]
[Round "3"]
[White "Lorusso, Lucio"]
[Black "Martorelli, Antonio"]
[Result "0-1"]
[WhiteElo "1902"]
[BlackElo "2264"]
[PlyCount "102"]
[EventDate "2002.08.29"]

1. e4 c5 2. c3 Nf6 3. e5 Nd5 4. d4 cxd4 5. Nf3 e6 6. cxd4 d6 7. Nc3 Nxc3 8.
bxc3 Qc7 9. Qc2 Nd7 10. exd6 Bxd6 11. Bd3 b6 12. Bb2 Bb7 13. Be4 Bxe4 14. Qxe4
O-O 15. O-O Rac8 16. Rfd1 Rfd8 17. Qh4 Nf6 18. Nd2 Bf4 19. g3 Bxd2 20. Rxd2 Rd5
21. Qh3 Ne4 22. Rd3 Rb5 23. Qg2 Qc6 24. f3 Nf6 25. Qd2 Rf5 26. Rf1 Qc4 27. a3
h5 28. Re1 Qa4 29. Re5 Rxe5 30. dxe5 Nd5 31. f4 Qe4 32. Rd4 Qb1+ 33. Kg2 b5 34.
Rd3 Rc4 35. f5 Rf4 36. gxf4 Qxd3 37. Bc1 Qxf5 38. h3 Qe4+ 39. Kg3 Kh7 40. Kh2
Qc4 41. Kg3 Qxc3+ 42. Qxc3 Nxc3 43. Kf3 Kg6 44. Be3 a5 45. Bb6 Nb1 46. Bc5 Kf5
47. Ke3 Nc3 48. Bf8 Nd5+ 49. Kf3 Nxf4 50. h4 g6 51. Bd6 Nd3 0-1

[Event "I Open Magistrale"]
[Site "Taranto ITA"]
[Date "2002.08.30"]
[Round "3"]
[White "Miezis, Normunds"]
[Black "Popchev, Milko"]
[Result "0-1"]
[WhiteElo "2510"]
[BlackElo "2419"]
[PlyCount "114"]
[EventDate "2002.08.29"]

1. c4 c5 2. Nc3 Nc6 3. g3 g6 4. Bg2 Bg7 5. d3 Nf6 6. e4 O-O 7. Nge2 Ne8 8. a3
Nc7 9. Rb1 Ne6 10. b4 d6 11. O-O Ned4 12. h3 b6 13. e5 Rb8 14. exd6 exd6 15.
bxc5 dxc5 16. Nxd4 Nxd4 17. Bf4 Rb7 18. Nd5 Rd7 19. Re1 Bb7 20. Be3 Nf5 21. Qa4
Bxd5 22. Bxd5 Bd4 23. Bxd4 Nxd4 24. Re3 b5 25. Qa6 Kg7 26. Bc6 Nxc6 27. Qxc6
Rxd3 28. Qxc5 bxc4 29. Rbe1 Qd5 30. Qc7 Rd8 31. Re5 Rd7 32. Qc8 Qd4 33. R5e3
Rd5 34. g4 Rc5 35. Qe8 Rxe3 36. fxe3 Qd6 37. Kg2 Qd2+ 38. Kf1 Qh2 39. Qe4 Qxh3+
40. Kf2 Qh2+ 41. Kf3 Qh3+ 42. Kf2 Qh4+ 43. Ke2 Qf6 44. Rc1 c3 45. Qd4 Rc7 46.
Kd3 c2 47. g5 Qxd4+ 48. exd4 f6 49. d5 fxg5 50. Kd4 Kf7 51. d6 Rc8 52. Kd5 Ke8
53. Ke6 Rc6 54. a4 a5 55. Ke5 Kd7 56. Kf6 g4 57. Kg7 g3 0-1

[Event "I Open Magistrale"]
[Site "Taranto ITA"]
[Date "2002.08.30"]
[Round "3"]
[White "Patavia, Antonio"]
[Black "Dragojlovic, Andjelko"]
[Result "0-1"]
[WhiteElo "2099"]
[BlackElo "2351"]
[PlyCount "94"]
[EventDate "2002.08.29"]

1. e4 c5 2. Nf3 g6 3. d4 cxd4 4. Nxd4 Bg7 5. Be3 Nf6 6. Nc3 Nc6 7. f3 O-O 8.
Bc4 Qb6 9. O-O Qxb2 10. Ncb5 Qb4 11. Qe2 Qa5 12. Rab1 d6 13. Rb3 a6 14. Ra3 Qd8
15. Nxc6 bxc6 16. Na7 Bd7 17. Rxa6 Qc7 18. Rb1 Rfb8 19. Rb3 d5 20. exd5 cxd5
21. Bd3 e5 22. Nb5 Bxb5 23. Bxb5 d4 24. Rc6 Qa5 25. Bg5 Nd5 26. a4 Nc3 27. Qc4
Nxb5 28. axb5 h6 29. Bh4 Qd2 30. Rb1 g5 31. Rc7 Qe3+ 32. Bf2 Qf4 33. Qc6 e4 34.
fxe4 Be5 35. g3 Qf3 36. Re7 Bf6 37. Rb7 Rc8 38. Rc7 Rxc7 39. Qxc7 d3 40. cxd3
Ra2 41. Qc5 Qxd3 42. Re1 Rxf2 43. Qc8+ Kg7 44. Kxf2 Bd4+ 45. Kg2 Qd2+ 46. Kh3
Qxe1 47. Qf5 Bf6 0-1

[Event "I Open Magistrale"]
[Site "Taranto ITA"]
[Date "2002.08.30"]
[Round "3"]
[White "Ramondino, Renzo"]
[Black "Indelicati, Giuseppe"]
[Result "0-1"]
[WhiteElo "2164"]
[BlackElo "2205"]
[PlyCount "62"]
[EventDate "2002.08.29"]

1. e4 e5 2. f4 exf4 3. Bc4 Nf6 4. Nc3 c6 5. d4 Bb4 6. e5 Ne4 7. Kf1 Bxc3 8.
bxc3 d5 9. exd6 O-O 10. Bxf4 Nxd6 11. Bd3 Bf5 12. Nf3 Na6 13. Rb1 b5 14. Ne5
Be4 15. Qg4 Nc7 16. Bxe4 Nxe4 17. Nxc6 Qf6 18. Ne5 Nd2+ 19. Ke2 Nxb1 20. Rxb1
Nd5 21. Bd2 Qa6 22. Rf1 b4+ 23. c4 Nc3+ 24. Kd3 Rac8 25. a3 f6 26. Bh6 Rc7 27.
Nd7 Qxc4+ 28. Kd2 Rxd7 29. Rf4 Rfd8 30. Ke1 Re8+ 31. Kf2 Qe2+ 0-1

[Event "I Open Magistrale"]
[Site "Taranto ITA"]
[Date "2002.08.30"]
[Round "3"]
[White "Rizzo, Giovanbattista"]
[Black "Lamola, Giuseppe"]
[Result "1-0"]
[WhiteElo "2088"]
[BlackElo "2049"]
[PlyCount "83"]
[EventDate "2002.08.29"]

1. d4 e6 2. c4 d5 3. Nc3 Be7 4. Nf3 Nf6 5. g3 O-O 6. Bg2 c6 7. O-O Nbd7 8. b3
Re8 9. Bb2 b6 10. Nd2 Bb7 11. e4 dxe4 12. Ndxe4 Nxe4 13. Nxe4 Nf6 14. Qe2 Qc7
15. Rad1 Rad8 16. Rfe1 Nxe4 17. Qxe4 Bf6 18. h4 Re7 19. Ba1 Qd6 20. Qg4 Qc7 21.
Be4 Red7 22. Kh2 Kh8 23. Bf3 a5 24. Qe4 Re7 25. Bb2 Qd6 26. c5 Qc7 27. cxb6
Qxb6 28. Ba3 Red7 29. Bc5 Qc7 30. Kg2 Be7 31. Bxe7 Rxe7 32. Qe5 Qb6 33. Qc5 Qc7
34. Rc1 Red7 35. Red1 Rd6 36. h5 h6 37. Qe5 Qd7 38. Qxa5 Rxd4 39. Rxd4 Qxd4 40.
Qc7 Rd7 41. Qb8+ Kh7 42. Rd1 1-0

[Event "I Open Magistrale"]
[Site "Taranto ITA"]
[Date "2002.08.30"]
[Round "3"]
[White "Shytaj, Carlo"]
[Black "Lanzillotta, Angelo"]
[Result "1/2-1/2"]
[WhiteElo "2112"]
[BlackElo "1909"]
[PlyCount "80"]
[EventDate "2002.08.29"]

1. e4 c5 2. c3 d5 3. exd5 Qxd5 4. d4 Nf6 5. Nf3 Bg4 6. Be2 e6 7. Be3 cxd4 8.
cxd4 Nc6 9. Nc3 Qd6 10. O-O Be7 11. Qb3 Qb4 12. Qxb4 Bxb4 13. h3 Bh5 14. g4 Bg6
15. Ne5 O-O 16. Nxc6 bxc6 17. Rac1 Nd5 18. Nxd5 cxd5 19. Rc7 Ba5 20. Rc5 Bb6
21. Rc6 e5 22. Rd1 f6 23. b4 Rfd8 24. dxe5 Bxe3 25. fxe3 fxe5 26. Rc5 Bf7 27.
a4 Rac8 28. Rdc1 Be6 29. Kf2 Kf7 30. Ba6 Rxc5 31. bxc5 Ke7 32. Rb1 Rd7 33. Rb8
Rc7 34. Bb5 Bc8 35. Ra8 h5 36. gxh5 Bxh3 37. Re8+ Kf6 38. c6 Bg4 39. Rd8 Ke6
40. Rh8 Kd6 1/2-1/2

[Event "I Open Magistrale"]
[Site "Taranto ITA"]
[Date "2002.08.30"]
[Round "3"]
[White "Shytaj, Luca"]
[Black "Collutiis, Duilio"]
[Result "0-1"]
[WhiteElo "2216"]
[BlackElo "2308"]
[PlyCount "52"]
[EventDate "2002.08.29"]

1. e4 c5 2. Nf3 Nc6 3. d4 cxd4 4. Nxd4 Qc7 5. Nc3 e6 6. Be3 a6 7. Qd2 b5 8.
Nxc6 dxc6 9. a4 Bb7 10. axb5 axb5 11. Rxa8+ Bxa8 12. Qd4 e5 13. Qd2 Be7 14.
Nxb5 cxb5 15. Bxb5+ Kf8 16. O-O Nf6 17. Ra1 Bxe4 18. Ra7 Qc8 19. c4 h6 20. c5
Qe6 21. f3 Bd5 22. Qa5 g5 23. Qc7 g4 24. f4 exf4 25. Bxf4 Qe4 26. Bf1 Qd4+ 0-1

[Event "I Open Magistrale"]
[Site "Taranto ITA"]
[Date "2002.08.30"]
[Round "3"]
[White "Tommaselli, Giacomo"]
[Black "Ficco, Corrado"]
[Result "1/2-1/2"]
[WhiteElo "2045"]
[BlackElo "2124"]
[PlyCount "47"]
[EventDate "2002.08.29"]

1. d4 Nf6 2. Nf3 g6 3. Bg5 Bg7 4. Nbd2 d5 5. e3 O-O 6. Bd3 Nbd7 7. h3 c5 8. c3
b6 9. O-O Bb7 10. Qe2 Ne4 11. Bf4 f6 12. Nxe4 dxe4 13. Bc4+ Kh8 14. Nd2 e5 15.
dxe5 fxe5 16. Bg3 Qe7 17. Rfd1 a6 18. Nf1 b5 19. Bd5 Bxd5 20. Rxd5 Nb6 21. Rd2
Nc4 22. Rd5 Nb6 23. Rd2 Nc4 24. Rd5 1/2-1/2

[Event "I Open Magistrale"]
[Site "Taranto ITA"]
[Date "2002.08.30"]
[Round "3"]
[White "Voiska, Margarita"]
[Black "Campanile, Roberto"]
[Result "1-0"]
[WhiteElo "2356"]
[BlackElo "2182"]
[PlyCount "97"]
[EventDate "2002.08.29"]

1. Nf3 d6 2. d4 Nf6 3. Nc3 Bf5 4. g3 c6 5. Bg2 d5 6. Nh4 e6 7. O-O Nbd7 8. e3
Be7 9. Nxf5 exf5 10. Ne2 O-O 11. c4 dxc4 12. Qc2 g6 13. Qxc4 Nb6 14. Qb3 Nfd5
15. Bd2 Re8 16. Nc3 Qd7 17. Bh3 Qd6 18. Rfc1 h5 19. Bg2 Nf6 20. a4 Qb4 21. Qa2
Qd6 22. a5 Nbd5 23. Nxd5 cxd5 24. Rc5 Rad8 25. Rac1 Rd7 26. Rb5 Qe6 27. Qb3 Rb8
28. Bb4 Bd8 29. Rbc5 Kg7 30. R5c2 h4 31. Qa3 Ne4 32. Rc8 Rxc8 33. Rxc8 g5 34.
Bf8+ Kh7 35. gxh4 gxh4 36. f3 Ng5 37. Kf2 f4 38. exf4 Nh3+ 39. Bxh3 Qxh3 40.
Kg1 Qf5 41. Qa4 h3 42. Qc2 Qxc2 43. Rxc2 Bxa5 44. Bc5 a6 45. Kf2 Kg6 46. Kg3
Kf5 47. Kxh3 Kxf4 48. Kg2 f5 49. Re2 1-0

[Event "I Open Magistrale"]
[Site "Taranto ITA"]
[Date "2002.08.31"]
[Round "4"]
[White "Ariete, Gerardo"]
[Black "Ljubisavljevic, Zivojin Z."]
[Result "0-1"]
[WhiteElo "2106"]
[BlackElo "2275"]
[PlyCount "80"]
[EventDate "2002.08.29"]

1. e4 e6 2. d4 d5 3. e5 c5 4. c3 Bd7 5. Nf3 Qb6 6. Qb3 h6 7. Be3 c4 8. Qxb6
axb6 9. Nbd2 b5 10. b4 cxb3 11. Nxb3 b4 12. c4 dxc4 13. Bxc4 Bc6 14. Ke2 Ne7
15. Rhc1 Nd7 16. Bd2 Nb6 17. Bd3 Ned5 18. Be4 Be7 19. Nc5 O-O 20. Ne1 Bg5 21.
Bxg5 hxg5 22. Ned3 Nc3+ 23. Rxc3 bxc3 24. Bxc6 bxc6 25. Nb4 Ra3 26. Kd3 Rfa8
27. Kc2 Nd5 28. Ncd3 R8a4 29. Rb1 g4 30. Rb3 Nxb4+ 31. Nxb4 Rxa2+ 32. Nxa2
Rxa2+ 33. Kxc3 Rxf2 34. Rb2 Rxb2 35. Kxb2 Kh7 36. Kc3 Kg6 37. Kc4 Kf5 38. Kc5
Ke4 39. Kxc6 Kxd4 40. Kd6 g5 0-1

[Event "I Open Magistrale"]
[Site "Taranto ITA"]
[Date "2002.08.31"]
[Round "4"]
[White "Campanile, Roberto"]
[Black "Patavia, Antonio"]
[Result "1-0"]
[WhiteElo "2182"]
[BlackElo "2099"]
[PlyCount "65"]
[EventDate "2002.08.29"]

1. d4 Nf6 2. c4 g6 3. Nc3 Bg7 4. e4 d6 5. f3 O-O 6. Be3 e5 7. d5 c6 8. Qd2 cxd5
9. cxd5 a6 10. Bd3 Nh5 11. Nge2 f5 12. a4 Nd7 13. a5 Nc5 14. Bc2 fxe4 15. Nxe4
Nxe4 16. Bxe4 Qh4+ 17. g3 Qe7 18. O-O Bh3 19. Rf2 Nf6 20. Nc3 Rac8 21. Bd3 Bf5
22. Re1 Qf7 23. Kg2 Kh8 24. Be4 Qc7 25. Bb6 Qc4 26. Qe2 Bxe4 27. fxe4 Qb4 28.
Ref1 Rc4 29. Be3 Kg8 30. Bd2 Qb3 31. Bg5 Nh5 32. Rxf8+ Bxf8 33. Qf2 1-0